El léxico negro - Africano de San Basilio de Palenque

Na minha lista:
Detalhes bibliográficos
Autor principal: Castillo Mathieu, Nicolás Del
Formato: Livro
Idioma:Undetermined
Publicado em: Bogotá, Colombia Instituto Caro y Cuervo 1984
Assuntos:
Tags: Adicionar Tag
Sem tags, seja o primeiro a adicionar uma tag!

MARC

LEADER 00000nam a2200000Ia 4500
008 170316s9999 xx 000 0 und d
090 |a 410 C-8L 
100 |a Castillo Mathieu, Nicolás Del 
245 |a El léxico negro - Africano de San Basilio de Palenque 
260 |a Bogotá, Colombia 
260 |b Instituto Caro y Cuervo 
260 |c 1984 
300 |a 90 páginas 
650 |a LINGÜÍSTICA 
650 |a LÉXICO NEGRO AFRICANO - SAN BASILIO DE PALENQUE 
999 |c 18310  |d 18310 
040 |a cru BVZT 
942 |c 15 D  |h 410 C-8L  |2 z